| 000 | 00883nam a2200265 a 4500 | ||
|---|---|---|---|
| 001 | 000044794 | ||
| 005 | 20240412074303.0 | ||
| 008 | 150112s2014 dr 000 0 spa d | ||
| 020 | _a9789945412956 | ||
| 040 |
_aDO-SdBNP _bspa _cBNPHU |
||
| 082 |
_aRD861.44 _bL864s |
||
| 100 | 1 |
_aLópez Azuán, Virgilo _972814 |
|
| 245 | 1 | 0 |
_aSumer : _bpoética de los números / _cVirgilo López Azuán. |
| 260 |
_aSanto Domingo : _bEditoral Funglode, _c2014. |
||
| 300 |
_a175 p. ; _c23 cm. |
||
| 490 | 1 | _aPremios; | |
| 500 | _aPremio único | ||
| 590 | _aInventariado, 2019/ YL | ||
| 586 | _aPremio Funglode de poesía Pedro Mir, 2013 | ||
| 650 | 0 |
_aPoesía dominicana _966 |
|
| 650 | 4 |
_aPoesías dominicanas _xColecciones _972815 |
|
| 650 | 0 |
_aLiteratura dominicana. _967 |
|
| 710 | 2 |
_aFundación Global Democracia y Desarrolo (República Dominicana) _972816 |
|
| 830 | 0 |
_aPremios _914100 |
|
| 999 |
_c44283 _d44283 |
||